Upsell jelentősége Mercure Budapest Korona Hotelben

Bibliographic Details
Main Author: Tóth Petra
Other Authors: Rézmányi Zsolt
Format: Project work
Kulcsszavak:Accor Hotels
áruértékesítés
élménygazdaság
szálláshelyek
szállodaipar
Online Access:http://dolgozattar.uni-bge.hu/59715

MARC

LEADER 00000nnm a2200000 i 4500
001 dolg59715
005 20260409145452.0
008 260409suuuu hu o 000 hun d
040 |a BGE Dolgozattár Repozitórium  |b hun 
041 |a hu 
100 1 |a Tóth Petra 
245 1 0 |a Upsell jelentősége Mercure Budapest Korona Hotelben  |c Tóth Petra  |h [elektronikus dokumentum] 
516 |a Project_work 
520 3 |a Dolgozatom középpontjában az upsell értékesítés, a vendégélmény és a rezervációs folyamatok szerepe áll a szállodaiparban. Az upsell technikák alkalmazása nemcsak a szálloda bevételeit növeli, hanem hozzájárul a vendégek élményének gazdagításához is, hiszen személyre szabott ajánlatokkal tehetjük emlékezetesebbé az ott-tartózkodást. Célom, hogy bemutassam, hogyan fonódik össze az upsell értékesítés a vendégélménnyel, és miként járul hozzá a szálloda sikeréhez a rezerváció, interjúkon és kutatásokon keresztül. 
695 |a Accor Hotels 
695 |a áruértékesítés 
695 |a élménygazdaság 
695 |a szálláshelyek 
695 |a szállodaipar 
700 1 |a Rézmányi Zsolt  |e ths 
856 4 0 |u http://dolgozattar.uni-bge.hu/59715/1/Projektmunka_To%CC%81th%20Petra_.pdf  |z Dokumentum-elérés 
856 4 0 |u http://dolgozattar.uni-bge.hu/59715/2/Titkos%C3%ADt%C3%A1si%20k%C3%A9relem.pdf  |z Dokumentum-elérés 
856 4 0 |u http://dolgozattar.uni-bge.hu/59715/3/Projektmunka%20b%C3%ADr%C3%A1lati%20lap_T%C3%B3th%20Petra.pdf  |z Dokumentum-elérés